It looks like you're offline.
Open Library logo
additional options menu

MARC Record from Scriblio

Record ID marc_records_scriblio_net/part19.dat:66644765:527
Source Scriblio
Download Link /show-records/marc_records_scriblio_net/part19.dat:66644765:527?format=raw

LEADER: 00527nam 22001937a 4500
001 86901420
003 DLC
005 19860811000000.0
008 860731s1985 bg 00000 beno
010 $a 86901420
020 $cTk18.00
025 $aB B 4451
050 0 $aMLCSA 86/201 (P)
100 10 $aĀjāda, Raphika.
245 10 $aParikīrṇa pānaśālā āmāra svadeśa /$cRaphika Ājāda.
260 0 $aḌhākā, Bāṃlādeśa :$bBryāka Prakāśanā,$c1985.
300 $a47 p. ;$c22 cm.
500 $aPoems.
500 $aIn Bengali.